|
|
|
|
| LEADER |
00000nam0a2200000 4500 |
| 001 |
184243 |
| 005 |
20231101223830.0 |
| 035 |
|
|
|a (RuTPU)RU\TPU\book\199746
|
| 035 |
|
|
|a RU\TPU\book\350149
|
| 090 |
|
|
|a 184243
|
| 100 |
|
|
|a 20161117d1960 k y0rusy50 ca
|
| 101 |
0 |
|
|a rus
|
| 102 |
|
|
|a RU
|
| 105 |
|
|
|a a z 001zy
|
| 200 |
1 |
|
|a Рисунок русских мастеров (вторая половина 19 в.)
|f А. А. Сидоров
|g Академия наук СССР (АН СССР), Институт истории искусств
|
| 210 |
|
|
|a Москва
|c Изд-во АН СССР
|d 1960
|
| 215 |
|
|
|a 559 с.
|c ил.
|
| 225 |
1 |
|
|a История русского рисунка
|v Т. 3
|
| 320 |
|
|
|a Библиогр.: с. 501-535
|
| 320 |
|
|
|a Указатель имен: с. 536-552.
|
| 330 |
|
|
|a Предлагаемый труд по "Истории русского рисунка" является опытом исследования и обобщения, предполагающим у читателя определенные сведения по общей истории русского искусства. Содержит рисунки крупнейших русских художников И. Е. Репина, В. И. Сурикова, В. А. Серова.
|
| 606 |
1 |
|
|a Рисунок
|2 stltpush
|3 (RuTPU)RU\TPU\subj\25243
|9 49446
|
| 610 |
1 |
|
|a русская графика
|
| 610 |
1 |
|
|a 19 век
|
| 610 |
1 |
|
|a творчество
|
| 610 |
1 |
|
|a художники
|
| 610 |
1 |
|
|a история
|
| 610 |
1 |
|
|a архитектура
|
| 610 |
1 |
|
|a скульпторы
|
| 610 |
1 |
|
|a передвижники
|
| 675 |
|
|
|a 741
|v 4
|
| 700 |
|
1 |
|a Сидоров
|b А. А.
|g Алексей Алексеевич
|
| 712 |
0 |
2 |
|a Академия наук СССР (АН СССР)
|b Институт истории искусств
|c (1944-1961)
|c (Москва)
|2 stltpush
|3 (RuTPU)RU\TPU\col\11815
|
| 801 |
|
1 |
|a RU
|b 63413507
|c 20100831
|
| 801 |
|
2 |
|a RU
|b 63413507
|c 20190222
|g RCR
|
| 942 |
|
|
|c BK
|